Disney Filme - Statistiken

Allgemein
  • Dieses Quiz wurde 1.738 mal gespielt
  • Das Durchschnittsergebnis liegt bei 10 aus 57
Antwortstatistiken
# Titel % Korrekt
12 Cinderella
62%
30 Die Schöne und das Biest
55%
32 Der König der Löwen
51%
36 Mulan
51%
31 Aladdin
49%
16 Dornröschen
45%
33 Pocahontas
44%
1 Schneewittchen und die sieben Zwerge
40%
5 Bambi
35%
28 Arielle, die Meerjungfrau
34%
17 101 Dalmatiner
33%
19 Das Dschungelbuch
33%
15 Susi und Strolch
32%
4 Dumbo
31%
49 Küss den Frosch
29%
56 Vaiana
29%
50 Rapunzel – Neu verföhnt
28%
37 Tarzan
27%
20 Aristocats
25%
24 Cap und Capper
24%
14 Peter Pan
24%
2 Pinocchio
24%
13 Alice im Wunderland
20%
3 Fantasia
19%
21 Robin Hood
18%
35 Hercules
17%
44 Bärenbrüder
15%
34 Der Glöckner von Notre Dame
14%
53 Die Eiskönigin – Völlig unverfroren
11%
52 Ralph reichts
10%
55 Zoomania
10%
18 Die Hexe und der Zauberer
9%
40 Ein Königreich für ein Lama
8%
43 Der Schatzplanet
7%
38 Fantasia 2000
5%
42 Lilo & Stitch
5%
51 Winnie Puuh
5%
23 Bernard und Bianca – Die Mäusepolizei
4%
27 Oliver & Co.
4%
25 Taran und der Zauberkessel
4%
29 Bernard und Bianca im Känguruland
3%
57 Chaos im Netz
3%
45 Die Kühe sind los
3%
39 Dinosaurier
3%
7 Drei Caballeros
3%
46 Himmel und Huhn
3%
47 Triff die Robinsons
3%
26 Basil, der große Mäusedetektiv
2%
9 Fröhlich, Frei, Spaß dabei
2%
41 Atlantis – Das Geheimnis der verlorenen Stadt
1%
54 Baymax – Riesiges Robowabohu
1%
48 Bolt – Ein Hund für alle Fälle
1%
11 Die Abenteuer von Ichabod und Taddäus Kröte
1%
22 Die vielen Abenteuer von Winnie Puuh
1%
8 Make Mine Music
1%
10 Musik, Tanz und Rhythmus
1%
6 Saludos Amigos
1%
Keine übereinstimmenden Quizze gefunden
Verteilung der Resultate
Anzahl Personen mit jedem Resultat
Perzentil nach korrekt beantworteten Fragen
Ihre Resultats-Entwicklung
Sie haben dieses Quiz noch nicht gespielt